Návrh opatrení na zefektívnenie výrobno logistického systému podniku prostredníctvom digitalizácie v podniku Promont, s.r.o.

Saved in:
Bibliographic Details
Main Author: Mahút, Marcel (Author)
Other Authors: Fidlerová, Helena (Thesis advisor)
Format: Manuscript Book
Language:Slovak
Published: 2023
Subjects:
Online Access:http://is.stuba.sk/zp/portal_zp.pl?podrobnosti=163934
Tags: Add Tag
No Tags, Be the first to tag this record!

MARC

LEADER 00000ntm a22000003a 4500
001 stuzp93738
003 SK-STU
005 20230909215920.1
007 ta
008 150427s2015----xo-----f-mn---000-0-slo-d
040 |a STU  |b slo 
041 0 |a slo 
100 1 |a Mahút, Marcel  |u 064000  |4 aut  |U MTF Materiálovotechnologická fakulta  |T MTF Ústav priemyselného inžinierstva a manažmentu  |X 111753  |U M4000  |Y 84  |7 111753 
242 0 1 |a Proposal of measures to streamline the company's production and logistics system through digitization in company Promont, s.r.o.  |y eng 
245 1 0 |a Návrh opatrení na zefektívnenie výrobno logistického systému podniku prostredníctvom digitalizácie v podniku Promont, s.r.o. 
260 |c 2023 
650 4 |a Logistika  |2 slo 
650 4 |a Systém  |2 slo 
650 4 |a Výroba  |2 slo 
650 4 |a Industry 4.0.  |2 slo 
650 4 |a Production  |2 eng 
650 4 |a Logistic  |2 eng 
650 4 |a System  |2 eng 
650 4 |a Industry 4.0  |2 eng 
700 1 |a Fidlerová, Helena  |u 064000  |k Z2  |4 ths  |U MTF Materiálovotechnologická fakulta  |T MTF Ústav priemyselného inžinierstva a manažmentu  |X 3662  |U M4000  |Y 84  |7 A000003662 
856 4 |u http://is.stuba.sk/zp/portal_zp.pl?podrobnosti=163934 
996 |c M* BP-9627  |l MMSKP  |s P  |a 0  |w stuzp93738_0001